Govt. of
Madhya Pradesh

Who Is A Brahmin? (Record no. 2140)

MARC details
000 -LEADER
fixed length control field 003280000a22001450004500
003 - CONTROL NUMBER IDENTIFIER
control field MACL
040 ## - CATALOGING SOURCE
Original cataloging agency MACL
090 ## - LOCALLY ASSIGNED LC-TYPE CALL NUMBER (OCLC); LOCAL CALL NUMBER (RLIN)
-- 2155
-- 2155
100 ## - MAIN ENTRY--PERSONAL NAME
Personal name Chuyen, Gilles
245 ## - TITLE STATEMENT
Title Who Is A Brahmin?
Remainder of title The Politics Of Identity In India
260 ## - PUBLICATION, DISTRIBUTION, ETC. (IMPRINT)
Name of publisher, distributor, etc. Manohar
Date of publication, distribution, etc. 2004
350 ## - PRICE (NR) (BK AM CF MU VM SE) [OBSOLETE]
Linkage 725
650 ## - SUBJECT ADDED ENTRY--TOPICAL TERM
Topical term or geographic name as entry element Political Science
942 ## - ADDED ENTRY ELEMENTS (KOHA)
Koha item type Library Membar
Call number prefix 320
Holdings
Withdrawn status Lost status Damaged status Not for loan Home library Current library Date acquired Total Checkouts Full call number Barcode Date last seen Uniform Resource Identifier Price effective from Koha item type
        MACL MACL     320 BOOK CRE20069 29/04/2015 2135 15/04/2015 Books